| 000 | 00446nam a22001457a 4500 | ||
|---|---|---|---|
| 999 |
_c3761 _d3761 |
||
| 008 | 200629b ||||| |||| 00| 0 eng d | ||
| 082 | 0 | 0 |
_a628.1683 _bJ721 |
| 100 |
_93086 _aJohnston, C. S. |
||
| 245 | 1 | 0 |
_aOily water discharges / _cby C. S. Johnston ; edited by R. J Morris |
| 260 |
_aLondon _bApplied Science Publishers _c1980 |
||
| 300 | _axv, 225 p. | ||
| 650 | 0 | _aOil pollution of the sea | |
| 700 |
_93087 _aMorris, R. J. _eeditor |
||
| 942 | _cBK | ||